| Tag |
First Indicator |
Second Indicator |
Subfields |
| LEADER |
00000cam a22000001i 4500 |
| 001 |
in00004092713 |
| 006 |
m |o d | |
| 007 |
cr |n||||||||| |
| 008 |
191104t20202020sz a o 000 0 eng d |
| 005 |
20250816223638.0 |
| 020 |
|
|
|a 9783030274511 (electronic bk.)
|
| 020 |
|
|
|a 3030274519 (electronic bk.)
|
| 020 |
|
|
|z 9783030274504
|
| 020 |
|
|
|z 3030274500
|
| 024 |
8 |
|
|a 99982400894
|
| 035 |
|
|
|a (NhCcYBP)ebc5894529
|
| 040 |
|
|
|a NhCcYBP
|c NhCcYBP
|d UtOrBLW
|
| 043 |
|
|
|a n-us-fl
|
| 050 |
|
4 |
|a TX360.U63
|b M5 2020
|
| 082 |
0 |
4 |
|a 363.8/5610977
|2 23
|
| 100 |
1 |
|
|a Alesso-Bendisch, Franziska,
|e author.
|
| 245 |
1 |
0 |
|a Community nutrition resilience in Greater Miami :
|b feeding communities in the face of climate change /
|c Franziska Alesso-Bendisch.
|
| 264 |
|
1 |
|a Cham, Switzerland :
|b Palgrave Macmillan,
|c [2020]
|
| 264 |
|
4 |
|c ©2020
|
| 300 |
|
|
|a 1 online resource.
|
| 336 |
|
|
|a text
|b txt
|2 rdacontent
|
| 337 |
|
|
|a computer
|b c
|2 rdamedia
|
| 338 |
|
|
|a online resource
|b cr
|2 rdacarrier
|
| 490 |
1 |
|
|a Palgrave pivot
|
| 490 |
1 |
|
|a Palgrave studies in climate resilient societies
|
| 588 |
|
|
|a Description based on print version record.
|
| 500 |
|
|
|a Electronic resource.
|
| 650 |
|
0 |
|a Nutrition policy
|z Florida
|z Miami.
|
| 650 |
|
0 |
|a Community health services
|z Florida
|z Miami.
|
| 650 |
|
0 |
|a Climatic changes
|z Florida
|z Miami.
|
| 655 |
|
7 |
|a Electronic books.
|2 local
|
| 710 |
2 |
|
|a ProQuest (Firm)
|0 http://id.loc.gov/authorities/names/n2007068018
|
| 776 |
1 |
8 |
|i ebook version :
|z 9783030274511
|
| 776 |
1 |
8 |
|c Original
|z 9783030274504
|z 3030274500
|
| 830 |
|
0 |
|a Palgrave pivot.
|0 http://id.loc.gov/authorities/names/no2012160523
|
| 830 |
|
0 |
|a Palgrave studies in climate resilient societies.
|0 http://id.loc.gov/authorities/names/no2018171132
|
| 856 |
4 |
0 |
|u https://ebookcentral.proquest.com/lib/tamucs/detail.action?docID=5894529
|z Connect to the full text of this electronic book
|t 0
|
| 955 |
|
|
|a YBP purchased approval e-records
|
| 980 |
|
|
|b 119.98
|g 1
|
| 987 |
|
|
|a ybp300816335
|
| 999 |
f |
f |
|s 58302024-34b4-3fbd-87d3-d3ac9bdc3bf6
|i 3d956e9d-3f9a-3c46-8504-1c6d7b0c2814
|t 0
|
| 952 |
f |
f |
|a Texas A&M University
|b College Station
|c Electronic Resources
|d Available Online
|t 0
|e TX360.U63 M5 2020
|h Library of Congress classification
|
| 998 |
f |
f |
|a TX360.U63 M5 2020
|t 0
|l Available Online
|